Management : Basic elements of managing organization

Bibliographic Details
Main Author: Webber, Ross A.
Format: Book
Published: Homewood, ill : Irwin , 1979
Edition:Rev. edition
Series:The Irwin series in management and behavioral sciences
Subjects:

MARC

LEADER 00000cam a2200000 7i4500
001 0000001683
005 20050506.0
020 |a 0256022348 
040 |a INS 
090 0 0 |a HD31.   |b W3585 1979 
100 1 |a Webber, Ross A. 
245 1 0 |a Management :   |b Basic elements of managing organization   |c Ross A. Webber 
250 |a Rev. edition 
260 |a Homewood, ill :   |b Irwin ,   |c 1979 
300 |a xiii, 647p. :   |b ill. ;   |c 24 cm. 
440 0 |a The Irwin series in management and behavioral sciences 
650 0 0 |a Management 
650 0 0 |a Organization 
999 |a 0000000902   |b BOOK   |c Open Shelf   |e Default branch